| 000 | 004790000a22001810004500 | ||
|---|---|---|---|
| 003 | LK-CoMWRAF | ||
| 005 | 20230925153842.0 | ||
| 008 | 230817t ||||| |||| 00| 0 eng d | ||
| 040 |
_aLK-CoMWRAF _dLK-CoMWRAF _eLK-CoMWRAF |
||
| 041 | _aeng | ||
| 082 |
_a297.6 _bULA |
||
| 100 | _aUlama, Mujlisul | ||
| 245 | _aA Discussion of the errors of Yusuf Ali | ||
| 260 |
_aSouth Africa : _bYoung men's Muslim association, |
||
| 300 | _a97p | ||
| 650 | _aIslam-Yusuf Ali | ||
| 942 | _cBK | ||
| 999 |
_c1369 _d1369 |
||